Normal view
MARC view
- Kent,Jeff
Entry Personal Name
001 - CONTROL NUMBER
- control field: 963
003 - CONTROL NUMBER IDENTIFIER
- control field: JO-AjAnu
005 - DATE AND TIME OF LATEST TRANSACTION
- control field: 20230606070449.0
008 - FIXED-LENGTH DATA ELEMENTS
- fixed length control field: 230606|| aca||aabn | a|a d
040 ## - CATALOGING SOURCE
- Original cataloging agency: JO-AjAnu
- Transcribing agency: JO-AjAnu
100 ## - HEADING--PERSONAL NAME
- Personal name: Kent,Jeff
670 ## - SOURCE DATA FOUND
- Source citation: Work cat.: (JO-AjAnu)507: Kent,Jeff, author, VISUAL C# 2005 Demystified